His bequest, the believer's riches in trust. (Record no. 12614)

000 -LEADER
fixed length control field 00588nam a2200181 a 4500
001 - CONTROL NUMBER
control field :::00010422$&:&@@
003 - CONTROL NUMBER IDENTIFIER
control field OkBaRHE
005 - DATE AND TIME OF LATEST TRANSACTION
control field 20000607103358.0
008 - FIXED-LENGTH DATA ELEMENTS--GENERAL INFORMATION
fixed length control field s1931 j 000 0 eng u
040 ## - CATALOGING SOURCE
Transcribing agency
100 1# - MAIN ENTRY--PERSONAL NAME
Personal name Harrison, Norman Baldwin, 1874-
245 10 - TITLE STATEMENT
Title His bequest, the believer's riches in trust.
260 ## - PUBLICATION, DISTRIBUTION, ETC. (IMPRINT)
Place of publication, distribution, etc Chicago, IL., :
Name of publisher, distributor, etc Bible Insitute Colportage Association
Date of publication, distribution, etc c1931
300 ## - PHYSICAL DESCRIPTION
Extent 48 p. ;
Dimensions 19 cm.
650 ## - SUBJECT ADDED ENTRY--TOPICAL TERM
Topical term or geographic name as entry element Christian Life
942 ## - ADDED ENTRY ELEMENTS (KOHA)
Source of classification or shelving scheme
Koha item type Books
Copies
Damaged status Lost status Barcode Full call number Price effective from Koha item type Permanent Location Not for loan Source of classification or shelving scheme Date last seen Copy number Date acquired Withdrawn status Shelving location
  10422BV 4501 .H28222010-04-14BooksRHEMA Bible Training College  2010-04-1412010-04-14 General Stacks